[Event "Minsk Kupreichik Memorial op"]
[Site "Minsk"]
[Date "2023.04.22"]
[Round "3"]
[White "Romanovskij, Nikita"]
[Black "Khakhlou, Arseni"]
[Result "1-0"]
[WhiteElo "1947"]
[BlackElo "1347"]
[PlyCount "97"]
[EventDate "2023.04.21"]
[EventType "swiss"]
[EventRounds "7"]
[EventCountry "BLR"]
[SourceTitle "CBM 214 Extra"]
[Source "ChessBase"]
[SourceDate "2023.07.31"]
[SourceVersion "1"]
[SourceVersionDate "2023.07.31"]
[SourceQuality "1"]

1. d4 Nf6 2. c4 e6 3. g3 Be7 4. Bg2 0-0 5. Nf3 d5 6. 0-0 c5 7. dxc5 Bxc5 8. Nbd2 Nc6 9. a3 a6 10. b4 Ba7 11. Bb2 Ne4 12. Qc2 f5 13. Rad1 Qe7 14. e3 Bd7 15. cxd5 exd5 16. Nb3 Rac8 17. Qd3 Be6 18. Nbd4 Rfd8 19. Rc1 Nb8 20. Rfd1 Rxc1 21. Rxc1 Bb6 22. Qb3 Rd6 23. Nxe6 Qxe6 24. Bd4 Nd7 25. Rc8+ Nf8 26. Qc2 Rd8 27. Rxd8 Bxd8 28. Bf1 Ng6 29. Bb2 Bb6 30. Nd4 Qd7 31. Bh3 Ne7 32. a4 g6 33. Bf1 Qd6 34. b5 axb5 35. Nxb5 Qc5 36. Qd3 Qc6 37. Kg2 Nc5 38. Qd4 Kf7 39. Qg7+ Ke8 40. Nd4 Qd6 41. Bb5+ Kd8 42. Ba3 Kc7 43. Qxh7 Qe5 44. Nf3 Qe4 45. Bb2 Na6 46. Be5+ Kc8 47. Qxe7 Nb8 48. Qe8+ Bd8 49. Qe6+ 1-0

[Event "Minsk Kupreichik Memorial op"]
[Site "Minsk"]
[Date "2019.08.15"]
[Round "2"]
[White "Romanovskij, Nikita"]
[Black "Pogosian, Manvel"]
[Result "0-1"]
[WhiteElo "1869"]
[BlackElo "2383"]
[PlyCount "80"]
[EventDate "2019.08.15"]
[EventType "swiss (rapid)"]
[EventRounds "10"]
[EventCountry "BLR"]
[SourceTitle "CBM 191 Extra"]
[Source "ChessBase"]
[SourceDate "2019.09.30"]
[SourceVersion "1"]
[SourceVersionDate "2019.09.30"]
[SourceQuality "1"]

1. d4 Nf6 2. Nf3 e6 3. Bf4 b6 4. e3 Bb7 5. h3 g6 6. Bd3 Bg7 7. 0-0 0-0 8. Nbd2 d6 9. Bh2 Nbd7 10. c3 Qe7 11. Qe2 Rfd8 12. Ba6 Bxa6 13. Qxa6 e5 14. dxe5 dxe5 15. Qc4 Ne8 16. Rfd1 Nd6 17. Qe2 Nc5 18. Nc4 e4 19. Nd4 Bxd4 20. Rxd4 Nf5 21. Rxd8+ Rxd8 22. Rd1 Nd3 23. Ne5 Nxb2 24. Rb1 Qa3 25. g4 Na4 26. gxf5 Nxc3 27. Qc4 Qxa2 28. Qxa2 Nxa2 29. fxg6 hxg6 30. Nc6 Rd2 31. Nxa7 Nc3 32. Rb3 Nd5 33. Nc6 Rc2 34. Nb4 Rc1+ 35. Kg2 Ne7 36. Be5 c5 37. Na2 Rc2 38. Rxb6 f6 39. Bxf6 Nd5 40. Bg5 Nxb6 0-1

[Event "Minsk Kupreichik Memorial op"]
[Site "Minsk"]
[Date "2018.06.21"]
[Round "2"]
[White "Bernotas, Arturs"]
[Black "Romanovskij, Nikita"]
[Result "1-0"]
[WhiteElo "2407"]
[BlackElo "1869"]
[PlyCount "121"]
[EventDate "2018.06.21"]
[EventType "swiss (rapid)"]
[EventRounds "11"]
[EventCountry "BLR"]
[SourceTitle "CBM 185 Extra"]
[Source "ChessBase"]
[SourceDate "2018.07.29"]
[SourceVersion "1"]
[SourceVersionDate "2018.07.29"]
[SourceQuality "1"]

1. e4 e5 2. Nf3 Nf6 3. Nxe5 d6 4. Nf3 Nxe4 5. d4 d5 6. Bd3 Nc6 7. 0-0 Be7 8. c3 0-0 9. Re1 Bf5 10. Bf4 Qd7 11. Qc2 Bg6 12. Nbd2 Nxd2 13. Qxd2 a6 14. Re3 Bd6 15. Bxd6 Qxd6 16. Rae1 Qd7 17. Bxg6 hxg6 18. Qe2 f6 19. Nh4 Kf7 20. Qd3 f5 21. Nf3 Rae8 22. Ng5+ Kg8 23. Kf1 Nd8 24. Rxe8 Rxe8 25. Rxe8+ Qxe8 26. Qh3 Nf7 27. Qh7+ Kf8 28. Qxg6 Nxg5 29. Qxg5 Qb5+ 30. Ke1 Qxb2 31. Qxf5+ Ke7 32. Qe5+ Kf8 33. Qf5+ Ke7 34. Qg5+ Ke8 35. Qh5+ Ke7 36. Qe2+ Qxe2+ 37. Kxe2 b6 38. f4 c5 39. Ke3 c4 40. g4 a5 41. a4 Kf6 42. h4 g6 43. g5+ Ke6 44. Ke2 Kf7 45. Kf3 b5 46. axb5 a4 47. b6 a3 48. b7 a2 49. b8Q a1Q 50. Qb7+ Kf8 51. Qc8+ Ke7 52. Qc7+ Ke8 53. Qe5+ Kf8 54. Qf6+ Ke8 55. Qxg6+ Kd7 56. Qf7+ Kc8 57. Kg4 Qxc3 58. g6 Qxd4 59. g7 Qd1+ 60. Kg5 Qg1+ 61. Kh6 1-0